000 00803nam a2200289Ia 4500
003 OSt
005 20221006155039.0
006 a|||||r|||| 00| 0
007 ta
008 221006b |||||||| |||| 00| 0 eng d
020 _a9784892056093
_c¥3900
024 _a40,192
037 _bGift,
_cTextual
040 _aEASL
_cEASL
_beng
041 _2eng
_aeng
082 _aR, P2
100 _aHiroike Mototaka
_9668213
245 0 _aDistilled wisdom
_b Integrating the perennial and the modern in a troubled world
260 _aChiba
_bReitaku University Press Japan
_c2002
300 _axxii,334p.
_ccm.
490 _v Gen
650 _a Ethics
650 _a Gen
650 _aMorality
_9668214
942 _hR, P2
_cTEXL
_2CC
999 _c1108278
_d1108278